Loading...

Tragedy/

Bibliographic Details
Main Author: Leech ,Clifford
Format: Printed Book
Language:English
Published: Methuen & co ltd., London: 1969.
LEADER 00444nam a2200121Ia 4500
008 111205s9999 xx 000 0 eng d
100 |a Leech ,Clifford 
245 |a Tragedy/  |c Leech ,Clifford 
260 |c 1969.  |a Methuen & co ltd.,  |b London: 
300 |a 92p. 
942 |c BK  |2 ddc 
999 |c 225223  |d 225223 
952 |0 0  |1 0  |4 0  |6 E_808_801000000000000_6_LEE_T  |7 0  |9 248619  |a MAL  |b MAL  |c ST1  |d 1989-11-28  |g 0.00  |l 0  |o E 808.801 6 LEE/T  |p MAL4353  |r 2015-04-13  |v 0.00  |w 2018-08-20  |y BK